福建各地市人均GDP排行 Per capita GDP ranking of cities in Fujian - Statistics

General Stats
  • This quiz has been taken 57 times
  • The average score is 8 of 9
Answer Stats
排名 地市 人均GDP/元 % Correct
1 厦门 147387
100%
2 福州 145936
98%
3 泉州 136533
98%
4 三明 126044
92%
5 龙岩 121721
92%
7 漳州 112578
84%
6 宁德 112738
82%
9 南平 83136
76%
8 莆田 97095
71%
No matching quizzes found
Score Distribution
Percent of People with Each Score
Percentile by Number Answered
Your Score History
You have not taken this quiz